Quiz brasileiro - Statistics

Estatísticas Gerais
  • Esse quiz foi jogado 374 vezes
  • A pontuação média é 18 de 21
Estatísticas das Respostas
Dica Resposta % Correto
Capital Brasília
99%
Em qual continente o Brasil se localiza América do Sul
98%
Idiomas oficiais do Brasil Portugues
98%
Maiores cidades Rio de Janeiro
98%
Maiores cidades São Paulo
98%
Quantos estados tem o Brasil 27
97%
Capital de Minas Gerais Belo Horizonte
97%
Esporte mais praticado no Brasil Futebol
97%
Festival realizado por cinco dias antes da Quarta-feira de Cinzas Carnaval
96%
Presidente eleito em 2018 Jair Bolsonaro
96%
Estátua mais famosa Cristo {Redentor}
95%
Maior jogador brasileiro do esporte acima Pelé
95%
Moeda Real
95%
Lema escrito na bandeira {Ordem} e Progresso
93%
Rio mais longo Amazonas
92%
O que foi abolido em 1888 Escravidão
92%
Quem "descobriu" o Brasil Pedro Alvares Cabral
91%
O Brasil é o maior produtor desse grão Café
90%
Primeiro presidente Deodoro da Fonseca
58%
Idiomas oficiais do Brasil Libras
30%
Primeiro nome do Brasil (antes de 1500) Pindorama
25%
Nenhum quiz correspondente encontrado
Distribuição das Pontuações
Porcentagem de Pessoas com Cada Pontuação
Percentil de Números Respondidos
Sua Pontuação Histórica
Você não jogou esse quiz